[Event "World Blitz 2015"]
[Site "Berlin GER"]
[Date "2015.10.13"]
[Round "3.18"]
[White "Ivanisevic, I"]
[Black "Mamedov, Rau"]
[Result "1-0"]
[WhiteElo "2653"]
[BlackElo "2657"]
[EventDate "2015.10.13"]
[WhiteTitle "GM"]
[BlackTitle "GM"]
[WhiteFideId "912417"]
[BlackFideId "13401653"]

1.d4 Nf6 2.c4 g6 3.f3 c5 4.d5 d6 5.e4 Bg7 6.Ne2 O-O 7.Nec3 e6 8.Be2 a6 9.
a4 e5 10.Bg5 h6 11.Be3 Nh5 12.Qd2 Nf4 13.Bf1 Kh7 14.g3 Nh5 15.Na3 f5 16.
exf5 gxf5 17.Bd3 Qf6 18.O-O-O b5 19.cxb5 axb5 20.axb5 Kh8 21.Nc4 Nd7 22.g4
e4 23.g5 hxg5 24.Bxg5 Qd4 25.Be2 Bb7 26.Nxd6 Bxd5 27.Qxd4 cxd4 28.Nxd5 d3 
29.Bf1 Nc5 30.Kd2 Ra2 31.Ke3 Rxb2 32.Be7 f4+ 33.Nxf4 Rxf4 34.fxe4 Rxe4+ 
35.Nxe4 Ne6 36.Bxd3 Nhf4 37.Bc4 Ng2+ 38.Kf3 Nd4+ 39.Rxd4 Bxd4 40.Rd1 Be5 
41.Rd7 Ne1+ 42.Kg4 Ng2 43.Kf5 Bg7 44.Rd8+ Kh7 45.Bg8+ Kh6 46.Rd6+ Bf6 47.
Rxf6+ Kg7 48.Rg6+ 1-0

[Event "World Blitz 2015"]
[Site "Berlin GER"]
[Date "2015.10.13"]
[Round "6.3"]
[White "Aronian, L"]
[Black "Fressinet, L"]
[Result "1-0"]
[WhiteElo "2784"]
[BlackElo "2702"]
[EventDate "2015.10.13"]
[WhiteTitle "GM"]
[BlackTitle "GM"]
[WhiteFideId "13300474"]
[BlackFideId "608742"]

1.c4 Nf6 2.Nf3 g6 3.Nc3 Bg7 4.e4 d6 5.d4 O-O 6.h3 e5 7.d5 Nh5 8.g3 Na6 9.
Nh2 Nc5 10.Be3 a5 11.h4 Qe7 12.Be2 Nf6 13.Bf3 Nfd7 14.g4 f5 15.g5 Nxe4 16.
Bxe4 fxe4 17.Nxe4 Nc5 18.Nxc5 dxc5 19.Ng4 Rf4 20.Nf6+ Bxf6 21.gxf6 Qxf6 
22.Bxf4 exf4 23.Qe2 Bd7 24.O-O-O Re8 25.Qf3 b5 26.Rhe1 bxc4 27.Rxe8+ Bxe8 
28.d6 cxd6 29.Qd5+ Bf7 30.Qxd6 Qxh4 31.Qxc5 h5 32.a4 f3 33.Qe3 c3 34.Qxc3 
Qf4+ 35.Qd2 Qxa4 36.Qd8+ Kh7 37.Rd7 Qc4+ 38.Kd2 Kg7 39.Qe7 h4 40.Qe5+ Kh7 
41.Rd4 Qe2+ 42.Qxe2 fxe2 43.Rxh4+ Kg7 44.Ra4 1-0

[Event "World Blitz 2015"]
[Site "Berlin GER"]
[Date "2015.10.13"]
[Round "8.14"]
[White "Vovk, Y"]
[Black "Guseinov, G"]
[Result "1-0"]
[WhiteElo "2617"]
[BlackElo "2634"]
[EventDate "2015.10.13"]
[WhiteTitle "GM"]
[BlackTitle "GM"]
[WhiteFideId "14113171"]
[BlackFideId "13401378"]

1.d4 Nf6 2.c4 g6 3.Nc3 Bg7 4.e4 d6 5.f3 O-O 6.Nge2 Nc6 7.Be3 a6 8.Qd2 Bd7 
9.Rc1 b5 10.b3 bxc4 11.bxc4 Rb8 12.Nd5 e6 13.Nxf6+ Bxf6 14.g3 Bg7 15.Bg2 
e5 16.d5 Ne7 17.c5 Bb5 18.O-O f5 19.Rfe1 Bxe2 20.Qxe2 f4 21.Bf2 fxg3 22.
hxg3 a5 23.Bh3 Kh8 24.Rc2 Ng8 25.cxd6 cxd6 26.Rec1 Bh6 27.Rc8 Qg5 28.R1c2 
Rbxc8 29.Bxc8 Nf6 30.Kg2 Nh5 31.Bg4 Nf6 32.Bh3 Nh5 33.Kh2 Nf6 34.a4 Qh5 
35.Kg2 Qg5 36.Be1 Nh5 37.Bg4 Qe7 38.Bxa5 Qa7 39.Bb4 Nxg3 40.Kxg3 Qg1+ 41.
Qg2 Bf4+ 42.Kh3 Qb6 43.Bd2 h5 44.Be6 Bxd2 45.Rxd2 Qe3 46.Rf2 g5 47.Kh2 g4 
48.Bf5 Rg8 49.fxg4 hxg4 50.Qg3 Qe1 51.Qh4+ Kg7 52.Qg5+ Kf8 53.Qf6+ Ke8 54.
Bg6+ 1-0

[Event "World Blitz 2015"]
[Site "Berlin GER"]
[Date "2015.10.14"]
[Round "15.6"]
[White "Melkumyan, H"]
[Black "Onischuk, V"]
[Result "1-0"]
[WhiteElo "2622"]
[BlackElo "2612"]
[EventDate "2015.10.13"]
[WhiteTitle "GM"]
[BlackTitle "GM"]
[WhiteFideId "13302485"]
[BlackFideId "14114038"]

1.d4 d6 2.Nf3 g6 3.g3 Bg7 4.Bg2 Nf6 5.O-O O-O 6.c4 Nc6 7.Nc3 e5 8.d5 Nb8 
9.e4 a5 10.Ne1 Na6 11.Nd3 Nd7 12.Be3 f5 13.exf5 gxf5 14.f4 e4 15.Nf2 Nb6 
16.Bd4 Nc5 17.Bxg7 Kxg7 18.Qd4+ Qf6 19.Rfd1 Bd7 20.Qxf6+ Kxf6 21.Rd4 a4 
22.Re1 h5 23.h4 Rg8 24.Kh2 Ra5 25.Bf1 Kg6 26.Nfd1 Raa8 27.Ne3 Rgf8 28.Be2 
Be8 29.Kg2 Nbd7 30.Rb1 Nf6 31.Ncd1 Bd7 32.Kf2 Ra6 33.Rd2 Rb8 34.Nc3 Ra5 
35.Rdd1 Rba8 36.Rdc1 Kf7 37.Rd1 Kg6 38.Nc2 R5a7 39.Ke3 Re8 40.Nd4 Raa8 41.
Rdc1 Re7 42.b4 axb3 43.axb3 Rae8 44.Ra1 Nd3 45.Rcb1 c5 46.Ndb5 Bxb5 47.
Nxb5 Rd7 48.Ra7 Nb4 49.Rc1 Nd3 50.Rca1 Nb4 51.Bd1 Nbxd5+ 52.cxd5 Nxd5+ 53.
Kd2 Nb4 54.Ra8 Rxa8 55.Rxa8 d5 56.Rg8+ Kf6 57.Bxh5 d4 58.Rg6+ Ke7 59.Rg7+ 
Ke6 60.Nc7+ Kd6 61.Ne8+ Kc6 62.Rg6+ Kb5 63.Nd6+ Rxd6 64.Rxd6 e3+ 65.Ke2 
Na2 66.Be8+ Kb4 67.h5 Kc3 68.Bb5 Kb2 69.Bd3 Nc1+ 70.Kf3 Nxd3 71.h6 Ne1+ 
72.Ke2 Kc2 73.Kxe1 d3 74.Rxd3 1-0

[Event "World Blitz 2015"]
[Site "Berlin GER"]
[Date "2015.10.14"]
[Round "16.36"]
[White "Ragger, M"]
[Black "Sasikiran, K"]
[Result "1-0"]
[WhiteElo "2698"]
[BlackElo "2639"]
[EventDate "2015.10.13"]
[WhiteTitle "GM"]
[BlackTitle "GM"]
[WhiteFideId "1610856"]
[BlackFideId "5004985"]

1.d4 Nf6 2.c4 g6 3.Nc3 Bg7 4.e4 d6 5.Nf3 O-O 6.Be2 e5 7.O-O Nc6 8.d5 Ne7 
9.Ne1 Nd7 10.Nd3 f5 11.f3 Kh8 12.Be3 c6 13.Rc1 a6 14.c5 dxc5 15.Nxc5 Nxc5 
16.Bxc5 Re8 17.d6 Ng8 18.Na4 Bd7 19.Bb6 Qg5 20.Nc5 Nf6 21.exf5 gxf5 22.f4 
exf4 23.Bf3 Re3 24.Nxb7 Rb8 25.Bxe3 fxe3 26.Nc5 Rxb2 27.Nxd7 Nxd7 28.Rxc6 
Be5 29.Rc8+ Kg7 30.Qd5 Qh4 31.Rg8+ Kh6 32.Qe6+ Qf6 33.Qxd7 e2 34.Bxe2 Rxe2
35.Qd8 Qxd6 36.Qxd6+ Bxd6 37.g3 Rxa2 38.Rxf5 Be7 39.g4 a5 40.Rh5# 1-0

[Event "World Blitz 2015"]
[Site "Berlin GER"]
[Date "2015.10.14"]
[Round "19.13"]
[White "Navara, D"]
[Black "Guseinov, G"]
[Result "1-0"]
[WhiteElo "2734"]
[BlackElo "2634"]
[EventDate "2015.10.13"]
[WhiteTitle "GM"]
[BlackTitle "GM"]
[WhiteFideId "309095"]
[BlackFideId "13401378"]

1.d4 Nf6 2.c4 g6 3.Nc3 Bg7 4.e4 d6 5.Nf3 O-O 6.Be2 c5 7.O-O cxd4 8.Nxd4 
Nc6 9.Nc2 Bd7 10.Be3 a5 11.f3 a4 12.Na3 Qa5 13.Qd2 Rfc8 14.Rfc1 Be6 15.f4 
Nd7 16.g4 Nc5 17.f5 Bd7 18.Nab5 Ne5 19.Nd5 Qxd2 20.Bxd2 Kf8 21.f6 Bxf6 22.
Nxd6 Rc6 23.Nxf6 exf6 24.Bb4 b6 25.Rd1 Bxg4 26.Bxg4 Nxg4 27.Rd4 Kg7 28.Re1
Ne5 29.Re3 Ne6 30.Rd5 Nxc4 31.Rc3 Nxd6 32.Rxc6 Nxe4 33.Rxb6 Rc8 34.Rd7 Nf4
35.Bc3 Nxc3 36.bxc3 Rxc3 37.Rbb7 Rc2 38.Rxf7+ Kh6 39.Rb4 Kg5 40.h4+ Kf5 
41.Rxa4 h5 42.Kf1 Nd3 43.Ra6 Rf2+ 44.Kg1 Kg4 45.Rfxf6 Rb2 46.Ra4+ Kg3 47.
Rxg6+ Kf3 48.Rf6+ Ke3 49.Ra5 Rb1+ 50.Kh2 Rb2+ 51.Kg3 Rb1 52.Rxh5 Rg1+ 53.
Kh2 Ra1 54.Ra5 Rb1 55.h5 Rb4 56.Kg3 Rb1 57.Rf3+ Ke2 58.Rxd3 Kxd3 1-0

[Event "World Blitz 2015"]
[Site "Berlin GER"]
[Date "2015.10.14"]
[Round "20.23"]
[White "Ragger, M"]
[Black "Guseinov, G"]
[Result "1-0"]
[WhiteElo "2698"]
[BlackElo "2634"]
[EventDate "2015.10.13"]
[WhiteTitle "GM"]
[BlackTitle "GM"]
[WhiteFideId "1610856"]
[BlackFideId "13401378"]

1.d4 Nf6 2.c4 g6 3.Nc3 Bg7 4.e4 d6 5.Nf3 O-O 6.Be2 c5 7.O-O cxd4 8.Nxd4 
Nc6 9.Be3 Bd7 10.Nb3 a5 11.c5 a4 12.Nd2 a3 13.cxd6 axb2 14.Rb1 exd6 15.Nc4
Be6 16.Bb6 Qe7 17.Qxd6 Bxc4 18.Qxe7 Nxe7 19.Bxc4 Nd7 20.Rxb2 Bxc3 21.Rb3 
Nxb6 22.Rxb6 Ra4 23.Bb3 Rb4 24.Rxb4 Bxb4 25.Rd1 Bc5 26.Rd7 b6 27.g3 Nc6 
28.Kg2 Ne5 29.Rc7 Rd8 30.f4 Rd2+ 31.Kh3 Nd3 32.Rxf7 Kh8 33.e5 Nf2+ 34.Kh4 
Ne4 35.h3 Bf2 36.Kg4 Rd3 37.f5 gxf5+ 38.Kxf5 Nxg3+ 39.Kg4 h5+ 40.Kg5 Ne4+ 
41.Kf5 Ng3+ 42.Kg6 Kg8 43.Rxf2+ 1-0